000 00649nam a22001457a 4500
020 _a978-0-689-85598-6
082 _a823
_bDIX/H
100 _aDIXON, FRANKLIN W
245 _aTHE HARDY BOYS - THE MYSTERY
260 _aNEW YORK
_bALADDIN PAPERBACKS
_c2003
300 _a151
520 _aFrank and Joe Hardy follow their father on a trip to Nairobi for an incredible vacation. Intrigue has a way of finding the Hardys, though, and in a short time they become involved in a dangerous case. Someone's hunting wild animals for prize skins and tusks, angering the area's animal rights activists.
650 _aMYSTERY STORY
_zUNITED STATES
942 _cBK
999 _c7797
_d7797